Oscar Niemeyer

Saved in:
Bibliographic Details
Main Author: Papadaki, Stamo (Author)
Format: Book
Language:English
Published: Nueva York George Braziller 1960
Series:The Masters of World Architecture Series, A117
Subjects:
Tags: Add Tag
No Tags, Be the first to tag this record!

MARC

LEADER 00000nam a2200000 a 4500
001 UCN7350
003 CL-VaPUC
005 20240701130112.0
008 011018e19600000US |||||||||||||||||eng|d
999 |c 297723  |d 297721 
040 |c Pontificia Universidad Católica de Valparaíso 
082 0 4 |a 720.981  |b PAP  |2 21 
100 |a Papadaki, Stamo  |e author  |9 492884 
245 1 0 |a Oscar Niemeyer 
260 |a Nueva York  |b George Braziller  |c 1960 
300 |a 127 p 
490 0 |a The Masters of World Architecture Series, A117 
583 |a last modification  |c 20011018 00:00:00  |k Rodrigo Vera 
600 0 |a Niemeyer, Oscar  |d 1907-2012  |9 875840 
650 0 |a Arquitectura moderna brasileña  |9 463261 
650 0 |a Arquitectura brasileña   |y Siglo 20  |9 463262 
942 |c BK  |2 ddc 
945 |d 20011018 00:00:00  |a cmena 
952 |0 0  |1 0  |4 0  |6 720_981000000000000_PAP_1960  |7 0  |8 A  |9 352672  |a BIBARQ  |b BIBARQ  |d 2019-11-21  |i 3724263  |l 1  |o 720.981 PAP 1960  |p 3724263  |r 2025-01-20  |s 2023-04-19  |w 2019-11-21  |y BK  |k ARQ